| 000 | 00832nam a2200229 a 4500 | ||
|---|---|---|---|
| 001 | 49243 | ||
| 003 | BD-RjUL | ||
| 005 | 20211209054644.0 | ||
| 008 | 160818s19761966BG |||| |||| 000 0 ben d | ||
| 020 | _c: Tk. 12.00 | ||
| 035 | _a(BD-RjUL)49362 | ||
| 040 |
_aBD-RjUL _bben _cBD-RjUL _dBD-RjUL |
||
| 041 | _aben | ||
| 082 | 0 | 4 |
_223 _a891.4409 _bMAB 1976 |
| 100 | 1 |
_aমালাকার, দিলীপ _9571 |
|
| 245 | 1 | 0 |
_aবিবধ সমালোচনা / _cদিলীপ মালাকার |
| 260 |
_aঢাকা : _bবই বিথী, _c১৯৭৬ |
||
| 300 |
_a[৮], ১৫২ পৃ. ; _c২২ সেমি |
||
| 650 | 7 |
_aবাংলা সাহিত্য _9572 _xইতিহাস ও সমালোচনা |
|
| 650 | 7 |
_aBangla literature. _9111833 _xHistory and criticism |
|
| 942 |
_2ddc _cBK _01 |
||
| 999 |
_c49243 _d49243 |
||